书目信息 |
| 书名: | Human diversity in education | |
| 作者: | Cushner. | |
| 分册号: | ||
| 分册名: | 出版地: | New york : |
|
| 出版社: | Mcgraw-hill,inc | |
| 出版时间: | 1992. | |
| 页数: | 358 p. ; | |
| 开本: | 26cm. | |
| 丛书名: | ||
| 中图分类号: | ||
| 科图分类号: | ||
| 其他分类号: | G571.2 | |
| 主题词: | ||
| 电子资源: | ||
| 000 | 00382nam 2200145 a 4500 | |
| 001 | E0154628301 | |
| 005 | 2001122815102801 | |
| 008 | 011228s1992 00010 eng | |
| 020 | @a0-07-014998-4. | |
| 040 | @aPFT@beng | |
| 090 | @aG571.2 | |
| 099 | @dG571.2@eC984 | |
| 245 | @aHuman diversity in education / @cCushner. | |
| 260 | @aNew york :@bMcgraw-hill,inc,@c1992. | |
| 300 | @a358 p. ;@c26cm. | |
| Human diversity in education / / Cushner.-New york : : Mcgraw-hill,inc, , 1992. |
| 358 p. ; ; 26cm. |
| ISBN 0-07-014998-4. |
| ● |
| 相关链接 |
|
|
|
正题名:Human diversity in education
索取号:G571.2/C984
 
预约/预借
| 序号 | 登录号 | 条形码 | 馆藏地/架位号 | 状态 | 备注 |
| 1 | 01107 | 300011074 | 社科库409/409社科库 119排2列2层/ [索取号:G571.2/C984] | 在馆 |